LDR 01054nam a2200253 4500 001 000000367427 003 CaOOAMICUS 005 20260424100853.0 008 260424s2023 it a 000 u ita r 020 $a978-88-290-1994-6 040 $aSeMil$bita 245 00$aEretiche ed eretici medievali :$bla «disobbedienza» religiosa nei secoli 12.-15. /$ca cura di Marina Benedetti. 264 1$aRoma :$bCarocci,$c2023. 300 $a415 p. :$bill. ;$c22 cm 490 1 $aFrecce ;$v372 700 1 $aBenedetti, Marina,$d<1964- >.$0(OLS)http://semarc/name/2560 830 0$aFrecce ;$v372.$0(OLS)http://semarc/title/6388 850 $aSeMil 852 $aSeMil$W1$xVenegono$y1$B258125$CSeMilBibl$Z2$F258125 $81 961 $aBrambilla don Paolo - Omaggio 996 $6020$a978-88-290-1994-6$9(OLS)http://semarc/number/305735 996 $6245$aEretiche ed eretici medievali :$bla «disobbedienza» religiosa nei secoli 12.-15.$9(OLS)http://semarc/title/459356 996 $6264$aRoma :$bCarocci$9(OLS)http://semarc/publisher/31977